The political economy of energy subsidy reform /

Bibliographic Details
Other Authors: Inchauste, Gabriela, (Editor), Victor, David G., (Editor)
Format: eBook
Language:English
Published: Washington, District of Columbia : World Bank Publications, 2017.
Subjects:
Online Access:Click to View
LEADER 01702nam a2200409 i 4500
001 EBC4857528
003 MiAaPQ
005 20200520144314.0
006 m o d |
007 cr cnu||||||||
008 170606t20172017dcuab o 000 0 eng d
020 |z 9781464810077 
020 |a 9781464810084 (e-book) 
035 |a (MiAaPQ)EBC4857528 
035 |a (Au-PeEL)EBL4857528 
035 |a (CaPaEBR)ebr11383893 
035 |a (CaONFJC)MIL1010200 
035 |a (OCoLC)984515476 
040 |a MiAaPQ  |b eng  |e rda  |e pn  |c MiAaPQ  |d MiAaPQ 
050 4 |a BR305.2  |b .P655 2017 
082 0 |a 270.6  |2 23 
245 0 4 |a The political economy of energy subsidy reform /  |c Gabriela Inchauste and David G. Victor, editors. 
264 1 |a Washington, District of Columbia :  |b World Bank Publications,  |c 2017. 
264 4 |c 2017 
300 |a 1 online resource (273 pages) :  |b illustrations, maps 
336 |a text  |2 rdacontent 
337 |a computer  |2 rdamedia 
338 |a online resource  |2 rdacarrier 
588 |a Description based on online resource; title from PDF title page (ebrary, viewed June 6, 2017). 
590 |a Electronic reproduction. Ann Arbor, MI : ProQuest, 2016. Available via World Wide Web. Access may be limited to ProQuest affiliated libraries. 
650 0 |a Reformation. 
655 4 |a Electronic books. 
700 1 |a Inchauste, Gabriela,  |e editor. 
700 1 |a Victor, David G.,  |e editor. 
776 0 8 |i Print version:  |t Political economy of energy subsidy reform.  |d Washington, District of Columbia : World Bank Publications, c2017   |h 251 pages   |z 9781464810077 
797 2 |a ProQuest (Firm) 
856 4 0 |u https://ebookcentral.proquest.com/lib/matrademy/detail.action?docID=4857528  |z Click to View